|
|
|
|
| LEADER |
00000nam2a2200000 4500 |
| 001 |
341788 |
| 005 |
20231102005402.0 |
| 035 |
|
|
|a (RuTPU)RU\TPU\book\370049
|
| 090 |
|
|
|a 341788
|
| 100 |
|
|
|a 20181023d2017 k y0rusy50 ca
|
| 101 |
0 |
|
|a rus
|
| 102 |
|
|
|a RU
|
| 105 |
|
|
|a a z 001zy
|
| 200 |
0 |
|
|a Т. 328, № 5
|
| 210 |
|
|
|d 2017
|
| 215 |
|
|
|a 139 с.
|c ил.
|
| 320 |
|
|
|a Библиография в конце статей
|
| 330 |
|
|
|a "Известия Томского политехнического университета. Инжиниринг георесурсов" публикует оригинальные работы, обзорные статьи, очерки и обсуждения, охватывающие последние достижения в области геологии, разведки и добычи полезных ископаемых, технологии транспортировки и глубокой переработки природных ресурсов, энергоэффективного производства и преобразования энергии на основе полезных ископаемых, а также безопасной утилизации геоактивов.
|
| 461 |
|
1 |
|0 (RuTPU)RU\TPU\book\353411
|t Известия Томского политехнического университета [Известия ТПУ]. Инжиниринг георесурсов
|l Bulletin of the Tomsk Polytechnic University. Geo Assets Engineering
|f Национальный исследовательский Томский политехнический университет (ТПУ)
|v Т. 328, № 5
|d 2015-
|
| 606 |
1 |
|
|a Научно-технический потенциал
|2 stltpush
|3 (RuTPU)RU\TPU\subj\45166
|9 64427
|
| 610 |
1 |
|
|a Вьетнам
|
| 610 |
1 |
|
|a рисовая шелуха
|
| 610 |
1 |
|
|a пиролиз
|
| 610 |
1 |
|
|a активированный уголь
|
| 610 |
1 |
|
|a электромагнитные вибраторы
|
| 610 |
1 |
|
|a затопленный вибрирующий конфузор
|
| 610 |
1 |
|
|a энергетические параметры
|
| 610 |
1 |
|
|a расчет
|
| 610 |
1 |
|
|a газотурбинные установки
|
| 610 |
1 |
|
|a радиально-осевые турбины
|
| 610 |
1 |
|
|a проточная часть
|
| 610 |
1 |
|
|a степень радиальности
|
| 610 |
1 |
|
|a неоднородные пласты
|
| 610 |
1 |
|
|a нестационарное температуры
|
| 610 |
1 |
|
|a аналитическая модель
|
| 610 |
1 |
|
|a фотоэлектростанции
|
| 610 |
1 |
|
|a солнечное излучение
|
| 610 |
1 |
|
|a энергия
|
| 610 |
1 |
|
|a горнодобывающее оборудование
|
| 610 |
1 |
|
|a электроприводы
|
| 610 |
1 |
|
|a обмотки
|
| 610 |
1 |
|
|a изоляция
|
| 610 |
1 |
|
|a вскрышные породы
|
| 610 |
1 |
|
|a отвалообразование
|
| 610 |
1 |
|
|a труды учёных ТПУ
|
| 675 |
|
|
|a 62
|v 4
|
| 801 |
|
1 |
|a RU
|b 63413507
|c 20181023
|
| 801 |
|
2 |
|a RU
|b 63413507
|c 20221212
|g RCR
|
| 942 |
|
|
|c BK
|